Sobre la filosofía en América /

Guardado en:
Autor Principal: Romero, Francisco.
Formato: Libro
Idioma:Undetermined
Publicado: Buenos Aires : Editorial Raigal, 1952.
Materias:
Etiquetas: Agregar Etiqueta
Sin Etiquetas, Sea el primero en etiquetar este registro!
LEADER 00553nam a22001695a 4500
001 EHU.bham045839
005 20111223090923.0
008 110331s1952####ag############000#0#und#d
100 1 |a Romero, Francisco. 
245 0 0 |a Sobre la filosofía en América /  |c Francisco Romero. 
260 |a Buenos Aires :  |b Editorial Raigal,  |c 1952. 
300 |a 135 p. 
653 |a Filosofía latinoamericana 
653 |a Historia de la filosofía 
653 |a Filosofía 
653 |a Colección Lejarraga 
859 |a AR-BHAM  |b BIB. HUMANIDADES - Donacion Lejarraga  |h MFN000058  |p 000058.19